000 00318nam a2200121Ia 4500
008 220204s9999 xx 000 0 und d
082 _a595.132:578.85/.86
_bLAM
100 _aLAMBERTI, F
245 0 _aNematode vectors of plant viruses.
260 _aNew York
_bPlenum
_c1974
650 _aNematode vectors
942 _cBK
999 _c33375
_d33375